Movies Quiz

Random Movies or Year Quiz

Movies of 2013 Quiz Stats

 Plays Quiz Updated Oct 15, 2019

Score 0/20 Timer 07:00
3 Plays Today
Picture Movie % Correct
5Frozen
97.7%
2The Wolf of Wall Street
89.1%
11The Great Gatsby
84.7%
1Gravity
82.4%
612 Years a Slave
79.3%
9Man of Steel
76.4%
3Captain Phillips
73.4%
4Dallas Buyers Club
70.7%
14Her
63.7%
12The Croods
58.4%
Picture Movie % Correct
13American Hustle
53.8%
18We're the Millers
52.2%
8The Purge
51.8%
7Rush
47.7%
1642
42.5%
19The Butler
41.2%
15Elysium
39.4%
20The World's End
34.6%
10Oz the Great and Powerful
31.8%
17Blue Jasmine
23.1%

You're not logged in!

Compare scores with friends on all Sporcle quizzes.
OR
Log In

Sporcle TV

Today on Sporcle TV


Watch our educational content, quiz creation guides, and fun videos on Sporcle TV.

Show Comments

Extras

Top Quizzes Today


Score Distribution

Your Account Isn't Verified!

In order to create a playlist on Sporcle, you need to verify the email address you used during registration. Go to your Sporcle Settings to finish the process.

Report this User

Report this user for behavior that violates our Community Guidelines.

Details: